[Event "Niederbayernliga 1415"]
[Site "Bayern"]
[Date "2014.12.06"]
[Round "4.5"]
[White "Kuehne, Ronald"]
[Black "Grimm, Stefan"]
[Result "0-1"]
[WhiteElo "1669"]
[BlackElo "1875"]
[PlyCount "54"]
[EventDate "2014.10.19"]
[EventType "team-tourn"]
[EventRounds "9"]
[EventCountry "GER"]
[SourceTitle "EXT 2023"]
[Source "ChessBase"]
[SourceDate "2022.10.05"]
[SourceVersion "1"]
[SourceVersionDate "2022.10.05"]
[SourceQuality "1"]
[WhiteTeam "Ergolding"]
[BlackTeam "Straubing SC"]
[WhiteTeamCountry "GER"]
[BlackTeamCountry "GER"]

1. f4 d5 2. Nf3 Nf6 3. e3 Bg4 4. Be2 c6 5. 0-0 Nbd7 6. b3 Bxf3 7. Rxf3 e5 8. Bb2 Bd6 9. c4 Qc7 10. g3 0-0 11. fxe5 Nxe5 12. Rf5 Rae8 13. c5 Qd7 14. Rxf6 gxf6 15. cxd6 Qxd6 16. Ba3 c5 17. d4 Nd7 18. dxc5 Qe5 19. Qd3 Qxa1 20. c6 bxc6 21. Qf5 Re5 22. Qg4+ Rg5 23. Qxd7 Qxb1+ 24. Kf2 Qf5+ 25. Qxf5 Rxf5+ 26. Ke1 Re8 27. Kd2 d4 0-1

[Event "Niederbayernliga 1314"]
[Site "Bayern"]
[Date "2014.??.??"]
[Round "5"]
[White "Grimm, Stefan"]
[Black "Klinge, Andreas"]
[Result "1/2-1/2"]
[WhiteElo "1875"]
[BlackElo "1734"]
[PlyCount "29"]
[EventDate "2013.10.13"]
[EventType "team-tourn"]
[EventRounds "9"]
[EventCountry "GER"]
[SourceTitle "EXT 2023"]
[Source "ChessBase"]
[SourceDate "2022.10.05"]
[SourceVersion "1"]
[SourceVersionDate "2022.10.05"]
[SourceQuality "1"]
[WhiteTeam "Straubing SC"]
[BlackTeam "Rottal II"]
[WhiteTeamCountry "GER"]
[BlackTeamCountry "GER"]

1. d4 d5 2. Nf3 e6 3. e3 f5 4. Bd3 Nf6 5. 0-0 Be7 6. b3 0-0 7. Bb2 Qe8 8. Ne5 Nbd7 9. c4 c6 10. f3 Qh5 11. Nc3 Nxe5 12. dxe5 Nd7 13. Ne2 Qh6 14. f4 Qh5 15. Rf3 1/2-1/2

[Event "Niederbayernliga 1314"]
[Site "Bayern"]
[Date "2014.??.??"]
[Round "6"]
[White "Grimm, Stefan"]
[Black "Miesbauer, Jan"]
[Result "1-0"]
[WhiteElo "1875"]
[BlackElo "1999"]
[PlyCount "57"]
[EventDate "2013.10.13"]
[EventType "team-tourn"]
[EventRounds "9"]
[EventCountry "GER"]
[SourceTitle "EXT 2023"]
[Source "ChessBase"]
[SourceDate "2022.10.05"]
[SourceVersion "1"]
[SourceVersionDate "2022.10.05"]
[SourceQuality "1"]
[WhiteTeam "Straubing SC"]
[BlackTeam "Bayerwald Regen/Zwiesel"]
[WhiteTeamCountry "GER"]
[BlackTeamCountry "GER"]

1. d4 Nf6 2. Nf3 g6 3. Bg5 Bg7 4. c3 0-0 5. Nbd2 d6 6. e3 Nbd7 7. Be2 e5 8. 0-0 Qe8 9. Bh4 e4 10. Ne1 h6 11. b4 Nh7 12. Rc1 f5 13. h3 g5 14. Bg3 Ndf6 15. c4 h5 16. c5 h4 17. Bh2 Qg6 18. cxd6 g4 19. hxg4 fxg4 20. Be5 g3 21. Rxc7 Bh6 22. Qb3+ Kh8 23. Nxe4 gxf2+ 24. Nxf2 Ng5 25. d7 Bxd7 26. Rxd7 Rae8 27. Rxb7 h3 28. Qd3 Nge4 29. Qxe4 1-0

[Event "Niederbayernliga 0910"]
[Site "Germany"]
[Date "2009.11.15"]
[Round "2.3"]
[White "Wolf, Andreas"]
[Black "Grimm, Stefan"]
[Result "1-0"]
[WhiteElo "1962"]
[BlackElo "1947"]
[PlyCount "97"]
[EventDate "2009.10.18"]
[EventType "team-tourn"]
[EventRounds "9"]
[EventCountry "GER"]
[SourceTitle "EXT 2011"]
[Source "ChessBase"]
[SourceDate "2010.11.26"]
[SourceVersion "1"]
[SourceVersionDate "2010.11.26"]
[SourceQuality "1"]
[WhiteTeam "Grafenau"]
[BlackTeam "Straubing"]
[WhiteTeamCountry "GER"]
[BlackTeamCountry "GER"]

1. e4 Nh6 2. d4 g6 3. Nc3 c6 4. Bc4 d6 5. a4 e6 6. Nf3 f6 7. 0-0 Nf7 8. Qe2 Bg7 9. e5 d5 10. exf6 Qxf6 11. Bd3 0-0 12. Re1 a5 13. Be3 Na6 14. Qd2 Nb4 15. Bf1 Qf5 16. Rac1 e5 17. dxe5 Nxe5 18. Nxe5 Bxe5 19. g3 Be6 20. f4 Bg7 21. Bd4 Bxd4+ 22. Qxd4 Qf6 23. Re5 Bf5 24. Bd3 c5 25. Qxc5 Bxd3 26. cxd3 Rad8 27. Rd1 Rc8 28. Qxa5 Nc6 29. Qxd5+ Kg7 30. Ne4 Qd8 31. Qxd8 Rfxd8 32. Rb5 Rc7 33. Nc5 Nd4 34. Rxb7 Rxb7 35. Nxb7 Rb8 36. Nd6 Rxb2 37. Rf1 Ra2 38. Nc4 Rxa4 39. Rf2 Kf6 40. Kg2 Ra1 41. Rb2 Re1 42. Ne5 Rd1 43. Rb6+ Kg7 44. Rb7+ Kg8 45. Rd7 Rd2+ 46. Kh3 Ne2 47. Kg4 Ng1 48. Kg5 Rxh2 49. Kf6 1-0

[Event "Niederbayernliga 0809"]
[Site "Germany"]
[Date "2009.03.15"]
[Round "8.4"]
[White "Grimm, Stefan"]
[Black "Faltlhauser, Michael"]
[Result "1/2-1/2"]
[WhiteElo "1943"]
[BlackElo "1689"]
[PlyCount "28"]
[EventDate "2008.10.05"]
[EventType "team-tourn"]
[EventRounds "9"]
[EventCountry "GER"]
[SourceTitle "EXT 2010"]
[Source "ChessBase"]
[SourceDate "2010.11.25"]
[SourceVersion "1"]
[SourceVersionDate "2010.11.25"]
[SourceQuality "1"]
[WhiteTeam "Straubing"]
[BlackTeam "Adlkofen"]
[WhiteTeamCountry "GER"]
[BlackTeamCountry "GER"]

1. Nf3 f5 2. d3 Nf6 3. Nc3 e6 4. e4 fxe4 5. dxe4 Bb4 6. Bd3 Bxc3+ 7. bxc3 d6 8. 0-0 e5 9. h3 0-0 10. c4 Nbd7 11. Be3 b6 12. Nd2 Bb7 13. f3 Nh5 14. Kh2 Nf4 1/2-1/2

[Event "Niederbayernliga 0809"]
[Site "Germany"]
[Date "2009.02.01"]
[Round "6.3"]
[White "Menacher, Manfred"]
[Black "Grimm, Stefan"]
[Result "1-0"]
[WhiteElo "2217"]
[BlackElo "1943"]
[PlyCount "70"]
[EventDate "2008.10.05"]
[EventType "team-tourn"]
[EventRounds "9"]
[EventCountry "GER"]
[SourceTitle "EXT 2010"]
[Source "ChessBase"]
[SourceDate "2010.11.25"]
[SourceVersion "1"]
[SourceVersionDate "2010.11.25"]
[SourceQuality "1"]
[WhiteTeam "Deggendorf"]
[BlackTeam "Straubing"]
[WhiteTeamCountry "GER"]
[BlackTeamCountry "GER"]

1. Nf3 f5 2. d3 d6 3. e4 e5 4. Nc3 Nc6 5. g3 Nf6 6. Bg2 Be7 7. h3 0-0 8. Be3 Qe8 9. Qd2 Kh8 10. exf5 Bxf5 11. g4 Be6 12. d4 exd4 13. Bxd4 Bg8 14. 0-0 Qd7 15. Rad1 Rae8 16. b3 Bd8 17. Nh2 Re6 18. Be3 Ree8 19. f4 Bf7 20. Bf2 b6 21. Nf3 Ne7 22. f5 Ned5 23. Ng5 Nxc3 24. Qxc3 Bg8 25. Bc6 Qc8 26. Bxe8 Nxe8 27. Nf3 c5 28. Bh4 Nf6 29. Rfe1 Qb7 30. Qd3 d5 31. Ng5 d4 32. Ne6 Re8 33. c3 Be7 34. Bf2 dxc3 35. Qxc3 Bd6 1-0

[Event "Niederbayernliga 0809"]
[Site "Germany"]
[Date "2008.12.14"]
[Round "4.3"]
[White "Grimm, Stefan"]
[Black "Mueller, Michael4444"]
[Result "1/2-1/2"]
[WhiteElo "1943"]
[BlackElo "1993"]
[PlyCount "25"]
[EventDate "2008.10.05"]
[EventType "team-tourn"]
[EventRounds "9"]
[EventCountry "GER"]
[SourceTitle "EXT 2010"]
[Source "ChessBase"]
[SourceDate "2010.11.25"]
[SourceVersion "1"]
[SourceVersionDate "2010.11.25"]
[SourceQuality "1"]
[WhiteTeam "Straubing"]
[BlackTeam "Bayerwald"]
[WhiteTeamCountry "GER"]
[BlackTeamCountry "GER"]

1. d4 d5 2. Nf3 e6 3. e3 Nf6 4. Bd3 c5 5. c3 Nbd7 6. Nbd2 Bd6 7. 0-0 0-0 8. Re1 Qc7 9. e4 cxd4 10. cxd4 dxe4 11. Nxe4 Nd5 12. Be3 N7f6 13. Rc1 1/2-1/2

[Event "Niederbayernliga 0809"]
[Site "Germany"]
[Date "2008.10.05"]
[Round "1.3"]
[White "Riemelmoser, Stefan"]
[Black "Grimm, Stefan"]
[Result "1-0"]
[WhiteElo "1965"]
[BlackElo "1943"]
[PlyCount "67"]
[EventDate "2008.10.05"]
[EventType "team-tourn"]
[EventRounds "9"]
[EventCountry "GER"]
[SourceTitle "EXT 2010"]
[Source "ChessBase"]
[SourceDate "2010.11.25"]
[SourceVersion "1"]
[SourceVersionDate "2010.11.25"]
[SourceQuality "1"]
[WhiteTeam "Simbach"]
[BlackTeam "Straubing"]
[WhiteTeamCountry "GER"]
[BlackTeamCountry "GER"]

1. e4 d5 2. exd5 Qxd5 3. Nc3 Qa5 4. d4 c6 5. Bc4 Nf6 6. Bd2 Bf5 7. Nf3 e6 8. Qe2 Qb6 9. 0-0-0 Nbd7 10. Rhe1 Bb4 11. Nh4 Bxc3 12. Bxc3 Be4 13. f3 Bd5 14. Nf5 Kf8 15. Nd6 a5 16. g4 Bxc4 17. Qxc4 Nd5 18. Bd2 Qc7 19. Ne4 b5 20. Qe2 N7b6 21. f4 Nc4 22. f5 e5 23. f6 exd4 24. fxg7+ Kxg7 25. Qf2 Rhe8 26. Bg5 Qe5 27. Qh4 d3 28. c3 d2+ 29. Nxd2 Qd6 30. Ne4 Qg6 31. Ng3 Nde3 32. Bxe3 Nxe3 33. Rxe3 Rxe3 34. Nf5+ 1-0

[Event "Niederbayernliga 0708"]
[Site "Germany"]
[Date "2007.11.04"]
[Round "2.4"]
[White "Demmer, Joachim"]
[Black "Grimm, Stefan"]
[Result "1-0"]
[WhiteElo "1847"]
[BlackElo "1925"]
[PlyCount "53"]
[EventDate "2007.10.21"]
[EventType "team"]
[EventRounds "9"]
[EventCountry "GER"]
[SourceTitle "EXT 2009"]
[Source "ChessBase"]
[SourceDate "2008.11.26"]
[SourceVersion "1"]
[SourceVersionDate "2008.11.26"]
[SourceQuality "1"]
[WhiteTeam "Geiselhoering"]
[BlackTeam "Straubing"]
[WhiteTeamCountry "GER"]
[BlackTeamCountry "GER"]

1. Nf3 f5 2. c4 Nf6 3. g3 g6 4. Bg2 Bg7 5. Nc3 d6 6. d4 0-0 7. 0-0 Qe8 8. Nd5 Nxd5 9. cxd5 Nd7 10. Ng5 Nf6 11. Ne6 Bxe6 12. dxe6 c6 13. Qb3 Qc8 14. Bf4 Nh5 15. Bg5 Bf6 16. Bh6 Rd8 17. d5 c5 18. e4 fxe4 19. Bxe4 b5 20. Qc2 Ng7 21. h4 Qb7 22. Rad1 c4 23. h5 Nxh5 24. Bxg6 hxg6 25. Qxg6+ Ng7 26. Bxg7 Bxg7 27. Qf7+ 1-0

[Event "Niederbayernliga 0708"]
[Site "Germany"]
[Date "2007.04.20"]
[Round "9.4"]
[White "Grimm, Stefan"]
[Black "Stadler, Helmut"]
[Result "1-0"]
[WhiteElo "1925"]
[BlackElo "1770"]
[PlyCount "57"]
[EventDate "2007.10.21"]
[EventType "team"]
[EventRounds "9"]
[EventCountry "GER"]
[SourceTitle "EXT 2009"]
[Source "ChessBase"]
[SourceDate "2008.11.26"]
[SourceVersion "1"]
[SourceVersionDate "2008.11.26"]
[SourceQuality "1"]
[WhiteTeam "Straubing"]
[BlackTeam "Grafenau"]
[WhiteTeamCountry "GER"]
[BlackTeamCountry "GER"]

1. d4 g6 2. Nf3 Bg7 3. c3 d5 4. Bf4 Nf6 5. Nbd2 0-0 6. h3 Nbd7 7. e3 c5 8. Be2 c4 9. b3 cxb3 10. axb3 Nb6 11. 0-0 Bf5 12. c4 dxc4 13. bxc4 h6 14. Ne5 Nfd7 15. Nxd7 Bxd7 16. Nf3 g5 17. Bg3 g4 18. hxg4 Bxg4 19. Qb3 Qc8 20. Ra5 Nd7 21. Qa3 Nf6 22. Rxa7 Rxa7 23. Qxa7 Ne4 24. Bf4 Nc3 25. Bd3 Bxf3 26. gxf3 Kh8 27. Kh2 Qc6 28. Qa5 Qxf3 29. Qf5 1-0

[Event "Niederbayernliga 0708"]
[Site "Germany"]
[Date "2007.02.17"]
[Round "6.4"]
[White "Binder, Karl Heinz"]
[Black "Grimm, Stefan"]
[Result "1/2-1/2"]
[WhiteElo "1999"]
[BlackElo "1925"]
[PlyCount "28"]
[EventDate "2007.10.21"]
[EventType "team"]
[EventRounds "9"]
[EventCountry "GER"]
[SourceTitle "EXT 2009"]
[Source "ChessBase"]
[SourceDate "2008.11.26"]
[SourceVersion "1"]
[SourceVersionDate "2008.11.26"]
[SourceQuality "1"]
[WhiteTeam "Waldkirchen Freyung"]
[BlackTeam "Straubing"]
[WhiteTeamCountry "GER"]
[BlackTeamCountry "GER"]

1. c4 f5 2. Nf3 Nf6 3. g3 g6 4. Bg2 Bg7 5. 0-0 0-0 6. Nc3 d6 7. d4 Qe8 8. Re1 c6 9. e4 fxe4 10. Nxe4 Nxe4 11. Rxe4 Bf5 12. Re3 Bf6 13. Bd2 Na6 14. Bc3 Qd7 1/2-1/2

[Event "Niederbayernliga 0708"]
[Site "Germany"]
[Date "2007.01.20"]
[Round "5.4"]
[White "Grimm, Stefan"]
[Black "Kuespert, Erwin"]
[Result "1-0"]
[WhiteElo "1925"]
[BlackElo "1692"]
[PlyCount "57"]
[EventDate "2007.10.21"]
[EventType "team"]
[EventRounds "9"]
[EventCountry "GER"]
[SourceTitle "EXT 2009"]
[Source "ChessBase"]
[SourceDate "2008.11.26"]
[SourceVersion "1"]
[SourceVersionDate "2008.11.26"]
[SourceQuality "1"]
[WhiteTeam "Straubing"]
[BlackTeam "Schaibing"]
[WhiteTeamCountry "GER"]
[BlackTeamCountry "GER"]

1. Nf3 Nf6 2. d4 d6 3. Bg5 h6 4. Bf4 Bf5 5. Nbd2 d5 6. e3 e6 7. Bd3 Bxd3 8. cxd3 Bd6 9. Ne5 Nbd7 10. 0-0 g5 11. Bg3 Qe7 12. e4 Bb4 13. Nxd7 Qxd7 14. Be5 Be7 15. Qf3 g4 16. Qf4 Qd8 17. Rac1 c6 18. f3 Rg8 19. fxg4 Rxg4 20. Qf3 Rg6 21. exd5 exd5 22. Rce1 Kf8 23. Qf4 Kg7 24. Nf3 Qd7 25. Nh4 Rg4 26. Nf5+ Kh7 27. Qxh6+ Kg8 28. Nxe7+ Qxe7 29. Bxf6 1-0

[Event "Regionalliga SO 0607"]
[Site "Bayern"]
[Date "2006.10.29"]
[Round "2.5"]
[White "Krause, Christian"]
[Black "Grimm, Stefan"]
[Result "1/2-1/2"]
[WhiteElo "2023"]
[BlackElo "1921"]
[PlyCount "37"]
[EventDate "2006.10.15"]
[EventType "team-tourn"]
[EventRounds "9"]
[EventCountry "GER"]
[SourceTitle "EXT 2008"]
[Source "ChessBase"]
[SourceDate "2007.11.25"]
[SourceVersion "1"]
[SourceVersionDate "2007.11.25"]
[SourceQuality "1"]
[WhiteTeam "Ebersberg"]
[BlackTeam "Straubing"]
[WhiteTeamCountry "GER"]
[BlackTeamCountry "GER"]

1. c4 f5 2. Nf3 Nf6 3. g3 g6 4. b3 Bg7 5. Bb2 d6 6. d4 0-0 7. Bg2 c6 8. 0-0 Na6 9. Nc3 Bd7 10. e3 Rb8 11. Nd2 b5 12. d5 cxd5 13. Nxd5 Nc5 14. Nxf6+ Bxf6 15. Bxf6 Rxf6 16. cxb5 Bxb5 17. Nc4 Bxc4 18. bxc4 Qa5 19. Qc2 1/2-1/2

[Event "Regionalliga SO 0607"]
[Site "Bayern"]
[Date "2006.10.15"]
[Round "1.4"]
[White "Baier, Herbert"]
[Black "Grimm, Stefan"]
[Result "1/2-1/2"]
[WhiteElo "1985"]
[BlackElo "1921"]
[PlyCount "25"]
[EventDate "2006.10.15"]
[EventType "team-tourn"]
[EventRounds "9"]
[EventCountry "GER"]
[SourceTitle "EXT 2008"]
[Source "ChessBase"]
[SourceDate "2007.11.25"]
[SourceVersion "1"]
[SourceVersionDate "2007.11.25"]
[SourceQuality "1"]
[WhiteTeam "Ilmmuenster"]
[BlackTeam "Straubing"]
[WhiteTeamCountry "GER"]
[BlackTeamCountry "GER"]

1. e4 d5 2. exd5 Qxd5 3. Nc3 Qa5 4. d4 c6 5. Nf3 Nf6 6. Bc4 Bf5 7. Bd2 e6 8. Nd5 Qd8 9. Nxf6+ gxf6 10. Bf4 Bd6 11. Bxd6 Qxd6 12. Qe2 Nd7 13. 0-0-0 1/2-1/2

[Event "Niederbayernliga 0506"]
[Site "Germany"]
[Date "2006.??.??"]
[Round "5"]
[White "Grimm, Stefan"]
[Black "Brueckl, Edgar"]
[Result "1/2-1/2"]
[WhiteElo "1925"]
[BlackElo "1859"]
[PlyCount "32"]
[EventDate "2005.??.??"]
[EventType "team"]
[EventRounds "9"]
[EventCountry "GER"]
[SourceTitle "EXT 2008"]
[Source "ChessBase"]
[SourceDate "2007.11.25"]
[SourceVersion "1"]
[SourceVersionDate "2007.11.25"]
[SourceQuality "1"]
[WhiteTeam "Straubing"]
[BlackTeam "Eggenfelden"]
[WhiteTeamCountry "GER"]
[BlackTeamCountry "GER"]

1. d4 d5 2. Nf3 Bf5 3. c4 c6 4. Nc3 e6 5. e3 Bd6 6. Bd3 Bxd3 7. Qxd3 Nf6 8. 0-0 0-0 9. e4 Nxe4 10. Nxe4 dxe4 11. Qxe4 Nd7 12. Rd1 Rc8 13. Qe2 Re8 14. Be3 Qa5 15. Bd2 Qh5 16. Qd3 Bb8 1/2-1/2

[Event "Niederbayernliga 0506"]
[Site "Germany"]
[Date "2006.??.??"]
[Round "8"]
[White "Grimm, Stefan"]
[Black "Reisinger, Georg"]
[Result "1/2-1/2"]
[WhiteElo "1925"]
[BlackElo "1740"]
[PlyCount "85"]
[EventDate "2005.??.??"]
[EventType "team"]
[EventRounds "9"]
[EventCountry "GER"]
[SourceTitle "EXT 2008"]
[Source "ChessBase"]
[SourceDate "2007.11.25"]
[SourceVersion "1"]
[SourceVersionDate "2007.11.25"]
[SourceQuality "1"]
[WhiteTeam "Straubing"]
[BlackTeam "Deggendorf II"]
[WhiteTeamCountry "GER"]
[BlackTeamCountry "GER"]

1. Nf3 Nf6 2. d4 e6 3. e3 Be7 4. Bd3 d5 5. Nbd2 Nbd7 6. 0-0 c6 7. Re1 0-0 8. b3 Re8 9. Bb2 Bd6 10. e4 dxe4 11. Nxe4 Nxe4 12. Bxe4 Nf6 13. Bd3 b6 14. c4 Bb7 15. Ne5 h5 16. Qe2 Qc7 17. Rad1 Rad8 18. Bb1 c5 19. h3 cxd4 20. Bxd4 Bb4 21. Rf1 Rxd4 22. Rxd4 Bc3 23. Rfd1 Bxd4 24. Rxd4 Rd8 25. Qd1 Rxd4 26. Qxd4 Kf8 27. Bd3 Ke7 28. Qf4 Qd6 29. g4 hxg4 30. hxg4 Bc6 31. g5 Be8 32. Qe3 Nd7 33. Nf3 Nc5 34. Nd4 Kd8 35. Be2 g6 36. f4 a6 37. Bf3 Kc7 38. b4 Nb7 39. Qe4 Nd8 40. b5 a5 41. a4 Bd7 42. Nb3 Qb4 43. Qc2 1/2-1/2

[Event "Niederbayernliga 0506"]
[Site "Germany"]
[Date "2005.??.??"]
[Round "4"]
[White "Demmer, Joachim"]
[Black "Grimm, Stefan"]
[Result "1-0"]
[WhiteElo "1816"]
[BlackElo "1925"]
[PlyCount "79"]
[EventDate "2005.??.??"]
[EventType "team"]
[EventRounds "9"]
[EventCountry "GER"]
[SourceTitle "EXT 2008"]
[Source "ChessBase"]
[SourceDate "2007.11.25"]
[SourceVersion "1"]
[SourceVersionDate "2007.11.25"]
[SourceQuality "1"]
[WhiteTeam "Geiselhoering"]
[BlackTeam "Straubing"]
[WhiteTeamCountry "GER"]
[BlackTeamCountry "GER"]

1. d4 f5 2. g3 Nf6 3. Bg2 g6 4. Nf3 Bg7 5. c4 0-0 6. Nc3 d6 7. 0-0 Qe8 8. d5 Na6 9. Rb1 c5 10. Nb5 Bd7 11. a4 Qc8 12. b3 Nb4 13. Bb2 a6 14. Nc3 h6 15. Ne1 Qe8 16. Nd3 Nxd3 17. exd3 g5 18. Ne2 b5 19. axb5 axb5 20. Qc2 Qh5 21. Ra1 Ng4 22. h3 Ne5 23. f4 Nf7 24. Bxg7 Kxg7 25. Qb2+ Kg8 26. Rxa8 Rxa8 27. d4 Rc8 28. dxc5 dxc5 29. Ra1 Qg6 30. Ra7 Qd6 31. Kh2 bxc4 32. bxc4 Rb8 33. Rb7 Rxb7 34. Qxb7 e5 35. dxe6 Bxe6 36. Bd5 Bxd5 37. cxd5 c4 38. Qc8+ Qd8 39. Qxc4 Nd6 40. Qd4 1-0

[Event "Niederbayernliga 0405"]
[Site "Germany"]
[Date "2005.??.??"]
[Round "6"]
[White "Firlbeck, Hubert"]
[Black "Grimm, Stefan"]
[Result "0-1"]
[WhiteElo "1951"]
[BlackElo "1926"]
[PlyCount "58"]
[EventDate "2004.??.??"]
[EventType "team"]
[EventRounds "9"]
[EventCountry "GER"]
[SourceTitle "EXT 2008"]
[Source "ChessBase"]
[SourceDate "2007.11.25"]
[SourceVersion "1"]
[SourceVersionDate "2007.11.25"]
[SourceQuality "1"]
[WhiteTeam "Deggendorf"]
[BlackTeam "Straubing"]
[WhiteTeamCountry "GER"]
[BlackTeamCountry "GER"]

1. e4 d5 2. exd5 Qxd5 3. Nc3 Qa5 4. d4 c6 5. Bd2 Qc7 6. Bc4 Nf6 7. Qe2 Bf5 8. Nf3 e6 9. Ne5 Nbd7 10. Nxd7 Kxd7 11. 0-0-0 Rd8 12. f3 h5 13. Bg5 Kc8 14. Ne4 Be7 15. Nc5 Rhe8 16. Nb3 Nd5 17. Bxe7 Rxe7 18. Bxd5 exd5 19. Qd2 Rde8 20. Rde1 b6 21. g3 Qd6 22. c3 Bh7 23. Kd1 Qg6 24. Rxe7 Rxe7 25. Nc1 Qf5 26. Rf1 g5 27. Rf2 Bg6 28. f4 h4 29. fxg5 Bh5+ 0-1

[Event "Niederbayernliga 0506"]
[Site "Germany"]
[Date "2005.??.??"]
[Round "1"]
[White "Siebert, Joachim"]
[Black "Grimm, Stefan"]
[Result "1/2-1/2"]
[WhiteElo "1932"]
[BlackElo "1925"]
[PlyCount "46"]
[EventDate "2005.??.??"]
[EventType "team"]
[EventRounds "9"]
[EventCountry "GER"]
[SourceTitle "EXT 2008"]
[Source "ChessBase"]
[SourceDate "2007.11.25"]
[SourceVersion "1"]
[SourceVersionDate "2007.11.25"]
[SourceQuality "1"]
[WhiteTeam "Landshut"]
[BlackTeam "Straubing"]
[WhiteTeamCountry "GER"]
[BlackTeamCountry "GER"]

1. d4 f5 2. e4 fxe4 3. Nc3 Nf6 4. g4 h6 5. f3 d5 6. h3 e6 7. fxe4 dxe4 8. Bg2 Bb4 9. Nge2 Nc6 10. 0-0 0-0 11. Nxe4 Nxe4 12. Rxf8+ Bxf8 13. Bxe4 e5 14. Be3 exd4 15. Nxd4 Bc5 16. c3 Qd6 17. Kg2 Bxd4 18. Bxd4 Be6 19. Bf2 Qe5 20. Bf3 Rd8 21. Qe1 Bd5 22. Qxe5 Nxe5 23. Bxd5+ Rxd5 1/2-1/2

[Event "Niederbayernliga 0405"]
[Site "Germany"]
[Date "2004.??.??"]
[Round "4"]
[White "Grimm, Stefan"]
[Black "Hahn, Winfried"]
[Result "1/2-1/2"]
[WhiteElo "1926"]
[BlackElo "1861"]
[PlyCount "58"]
[EventDate "2004.??.??"]
[EventType "team"]
[EventRounds "9"]
[EventCountry "GER"]
[SourceTitle "EXT 2008"]
[Source "ChessBase"]
[SourceDate "2007.11.25"]
[SourceVersion "1"]
[SourceVersionDate "2007.11.25"]
[SourceQuality "1"]
[WhiteTeam "Straubing"]
[BlackTeam "Passau II"]
[WhiteTeamCountry "GER"]
[BlackTeamCountry "GER"]

1. d4 Nf6 2. Nf3 e6 3. e3 c5 4. Bd3 d5 5. c3 Be7 6. Nbd2 0-0 7. 0-0 b6 8. Ne5 Ba6 9. Bxa6 Nxa6 10. Nc6 Qd7 11. Nxe7+ Qxe7 12. Qe2 Nc7 13. b3 Nd7 14. a4 Rfe8 15. Ba3 f6 16. e4 Qf7 17. Qe3 cxd4 18. cxd4 Rec8 19. Rac1 Ne8 20. Rc3 Nf8 21. Rfc1 Qd7 22. exd5 exd5 23. Nf1 Ne6 24. Ng3 g6 25. h4 Rc7 26. Rxc7 N8xc7 27. h5 Kg7 28. Rc2 Rd8 29. Bc1 Qf7 1/2-1/2

[Event "Regionalliga SO 0203"]
[Site "Bayern"]
[Date "2003.01.12"]
[Round "4.6"]
[White "Schubert, Josef"]
[Black "Grimm, Stefan"]
[Result "1/2-1/2"]
[WhiteElo "1985"]
[BlackElo "1978"]
[PlyCount "44"]
[EventDate "2002.10.20"]
[EventType "team"]
[EventRounds "9"]
[EventCountry "GER"]
[SourceTitle "EXT 2004"]
[Source "ChessBase"]
[SourceDate "2003.11.25"]
[SourceVersion "1"]
[SourceVersionDate "2003.11.25"]
[SourceQuality "1"]
[WhiteTeam "Landshut"]
[BlackTeam "Straubing"]
[WhiteTeamCountry "GER"]
[BlackTeamCountry "GER"]

1. e4 d5 2. exd5 Qxd5 3. Nc3 Qa5 4. d4 c6 5. Bc4 Bf5 6. Bd2 Qc7 7. Qe2 Nf6 8. 0-0-0 e6 9. Nf3 Nbd7 10. Ne5 Nxe5 11. dxe5 Nd7 12. Rhe1 Be7 13. g4 Bg6 14. f4 0-0-0 15. Qf3 h5 16. h3 hxg4 17. hxg4 Nb6 18. Bf1 Rh2 19. Re2 Rhh8 20. Ree1 Rh2 21. Re2 Rhh8 22. Ree1 Rh2 1/2-1/2

[Event "Niederbayernliga 0304"]
[Site "Germany"]
[Date "2003.??.??"]
[Round "1"]
[White "Grimm, Stefan"]
[Black "Hoechtl, Alois"]
[Result "1-0"]
[WhiteElo "1951"]
[BlackElo "1855"]
[PlyCount "107"]
[EventDate "2003.??.??"]
[EventType "team"]
[EventRounds "9"]
[EventCountry "GER"]
[SourceTitle "EXT 2008"]
[Source "ChessBase"]
[SourceDate "2007.11.25"]
[SourceVersion "1"]
[SourceVersionDate "2007.11.25"]
[SourceQuality "1"]
[WhiteTeam "Straubing"]
[BlackTeam "Eggenfelden"]
[WhiteTeamCountry "GER"]
[BlackTeamCountry "GER"]

1. d4 d5 2. Nf3 e6 3. e3 c5 4. c3 Nc6 5. Bd3 Nf6 6. Nbd2 cxd4 7. exd4 Bd6 8. 0-0 0-0 9. Re1 Qc7 10. Qe2 Bd7 11. Ne5 a6 12. f4 b5 13. Ndf3 Ne7 14. Bd2 Bc6 15. Ng5 Bxe5 16. fxe5 Ne4 17. Nxe4 dxe4 18. Bxe4 Bxe4 19. Qxe4 Rad8 20. a4 Ng6 21. axb5 axb5 22. b3 Rd5 23. Rec1 Qb6 24. Be3 Qb8 25. c4 Rd7 26. Ra5 bxc4 27. bxc4 Rc8 28. Rb1 Qc7 29. Rc5 Qd8 30. Bg5 Qe8 31. Rxc8 Qxc8 32. c5 h6 33. Ra1 Rb7 34. Bd2 Ne7 35. Rb1 Ra7 36. h3 Nd5 37. Qc2 Ra8 38. Qb3 Qa6 39. Kh2 Qe2 40. Bc1 Qe4 41. c6 Rc8 42. Qb7 Rc7 43. Qa8+ Kh7 44. Rb8 Qxd4 45. Rh8+ Kg6 46. Rxh6+ gxh6 47. Qh8 Kf5 48. Qh7+ Kxe5 49. Qg7+ f6 50. Qg3+ Nf4 51. Qe1+ Qe4 52. Bb2+ Kf5 53. g4+ Kg6 54. Qxe4+ 1-0